|
|
|
|
| LEADER |
00000nab a2200000 a 4500 |
| 001 |
vtls000156302 |
| 003 |
SK-MaSNL |
| 005 |
20260304061723.0 |
| 008 |
250422c1983 xo 0 slo |
| 015 |
|
|
|a SNBRB19rr/mm-uuuuu
|
| 035 |
|
|
|a CL0166409
|
| 035 |
|
|
|a urn:nbn:sk:snk-abbciz
|
| 035 |
|
|
|a (urnnbn)urn:nbn:sk:snk:ar-a09s96
|
| 035 |
|
|
|a (uuid)ff42206e-31ae-4042-8453-521f5fb16e0b
|
| 040 |
|
|
|a SNKBUCL
|b slo
|c SNKBUCL
|e AACR2
|
| 041 |
0 |
|
|a eng
|
| 044 |
|
|
|a xo
|c SK
|
| 080 |
|
|
|a 531.32/.391
|2 1981
|
| 100 |
1 |
|
|a Tudosie, Constantin
|4 aut
|9 1176434
|
| 245 |
1 |
0 |
|a Reduction of higher order accelerations by the method of associated angular velocity
|c Constantin Tudosie
|
| 300 |
|
|
|b Res. slov., rus., angl., lit. 5 zázn. v rum.
|
| 650 |
0 |
7 |
|a diferenciálne rovnice
|2 snkbucl
|9 63334
|
| 655 |
|
7 |
|a články z novín a časopisov
|2 snkbucl
|9 267496
|
| 773 |
0 |
|
|t Strojnícky časopis
|g Roč. 34, č. 3 (1983), s. 337-342
|
| 850 |
|
|
|a Slovenská národná knižnica
|
| 852 |
|
|
|a Slovenská národná knižnica
|
| 958 |
|
|
|a article15
|
| 958 |
|
|
|a RK
|
| 958 |
|
|
|a NB
|
| 958 |
|
|
|a OND
|
| 958 |
|
|
|a EUIPO
|
| 992 |
|
|
|a RBX
|
| 999 |
|
|
|c 2734530
|d 2736460
|